<?xml version="1.0" encoding="UTF-8"?>
<record
    xmlns:xsi="http://www.w3.org/2001/XMLSchema-instance"
    xsi:schemaLocation="http://www.loc.gov/MARC21/slim http://www.loc.gov/standards/marcxml/schema/MARC21slim.xsd"
    xmlns="http://www.loc.gov/MARC21/slim">

  <leader>01236nam a22003017a 4500</leader>
  <controlfield tag="003">OSt</controlfield>
  <controlfield tag="005">20260418002643.0</controlfield>
  <controlfield tag="008">260312b        |||||||| |||| 00| 0 eng d</controlfield>
  <datafield tag="027" ind1=" " ind2=" ">
    <subfield code="q">  </subfield>
  </datafield>
  <datafield tag="040" ind1=" " ind2=" ">
    <subfield code="b">English.</subfield>
    <subfield code="c">CvSU-CCAT Campus Library.</subfield>
    <subfield code="e">rda.</subfield>
  </datafield>
  <datafield tag="050" ind1=" " ind2=" ">
    <subfield code="a">UM TJ 1185 </subfield>
    <subfield code="b">B36 2004</subfield>
  </datafield>
  <datafield tag="100" ind1=" " ind2=" ">
    <subfield code="a">Banate, Brenda D., author. </subfield>
    <subfield code="9">19548</subfield>
  </datafield>
  <datafield tag="245" ind1=" " ind2=" ">
    <subfield code="a">Two-in-one bench type cutter /</subfield>
    <subfield code="c">Brenda D. Banate, Ramil A. Bleza, Jollyron B. Sadicon. </subfield>
  </datafield>
  <datafield tag="260" ind1=" " ind2=" ">
    <subfield code="a">Rosario, Cavite :</subfield>
    <subfield code="b">Cavite State University-CCAT Campus,</subfield>
    <subfield code="c">2004</subfield>
  </datafield>
  <datafield tag="300" ind1=" " ind2=" ">
    <subfield code="a">ii, 30 leaves :</subfield>
    <subfield code="b">illustrations ;</subfield>
    <subfield code="c">28 cm</subfield>
  </datafield>
  <datafield tag="500" ind1=" " ind2=" ">
    <subfield code="a">Feasibility Study (BSIT) -- Cavite State University-CCAT Campus, 2004.</subfield>
  </datafield>
  <datafield tag="504" ind1=" " ind2=" ">
    <subfield code="a">Includes bibliographical references and appendices.</subfield>
  </datafield>
  <datafield tag="546" ind1=" " ind2=" ">
    <subfield code="a">In English text</subfield>
  </datafield>
  <datafield tag="650" ind1=" " ind2="0">
    <subfield code="a">Cutting machines</subfield>
    <subfield code="9">19549</subfield>
    <subfield code="x">Design and construction</subfield>
  </datafield>
  <datafield tag="650" ind1=" " ind2="0">
    <subfield code="a">Machine-tools</subfield>
    <subfield code="9">1998</subfield>
    <subfield code="x">Multifunctional equipment </subfield>
  </datafield>
  <datafield tag="650" ind1=" " ind2="0">
    <subfield code="a">Workshop tools</subfield>
    <subfield code="9">19550</subfield>
    <subfield code="x">Engineering applications</subfield>
  </datafield>
  <datafield tag="650" ind1=" " ind2="0">
    <subfield code="a">Feasibility study</subfield>
    <subfield code="9">1248</subfield>
  </datafield>
  <datafield tag="700" ind1=" " ind2=" ">
    <subfield code="a">Bleza, Ramil A., author.</subfield>
    <subfield code="9">19551</subfield>
  </datafield>
  <datafield tag="700" ind1=" " ind2=" ">
    <subfield code="a">Sadicon, Jollyron B., author. </subfield>
    <subfield code="9">19552</subfield>
  </datafield>
  <datafield tag="700" ind1=" " ind2=" ">
    <subfield code="a">Torno, Alejandro E., adviser.</subfield>
    <subfield code="9">19282</subfield>
  </datafield>
  <datafield tag="942" ind1=" " ind2=" ">
    <subfield code="2">lcc</subfield>
    <subfield code="c">T/M/D</subfield>
    <subfield code="h">TJ 1185 B36 2004</subfield>
    <subfield code="k">UM</subfield>
  </datafield>
  <datafield tag="999" ind1=" " ind2=" ">
    <subfield code="c">4931</subfield>
    <subfield code="d">4931</subfield>
  </datafield>
  <datafield tag="952" ind1=" " ind2=" ">
    <subfield code="0">0</subfield>
    <subfield code="1">0</subfield>
    <subfield code="2">lcc</subfield>
    <subfield code="4">0</subfield>
    <subfield code="7">0</subfield>
    <subfield code="8">UM</subfield>
    <subfield code="a">CCATLIB</subfield>
    <subfield code="b">CCATLIB</subfield>
    <subfield code="c">TH</subfield>
    <subfield code="d">2004-08-09</subfield>
    <subfield code="f">UM</subfield>
    <subfield code="l">0</subfield>
    <subfield code="o">UM TJ 1185 B36 2004</subfield>
    <subfield code="p">T0000157</subfield>
    <subfield code="r">2026-03-12 02:59:00</subfield>
    <subfield code="t">1</subfield>
    <subfield code="w">2026-03-12</subfield>
    <subfield code="y">T/M/D</subfield>
  </datafield>
</record>
